| 000 | 00339nam a2200097Ia 4500 | ||
|---|---|---|---|
| 008 | 230822s1999 xx 000 0 und d | ||
| 041 | _aeng | ||
| 100 | _aSTEIN B. & REYNOLDS J & MCGUINNESS W | ||
| 245 | _aMECHANICAL AND ELECTRICAL EQUIPMENT FOR BUILDINGS 7TH ED VOL I, PART 3, CHAPTER 7 TO 12 AND PART - 4 CHAPTER 13, | ||
| 260 |
_bNULL _c1999 |
||
| 999 |
_c861995 _d861995 |
||